000 00334nam a22001457a 4500
008 210310b ||||| |||| 00| 0 eng d
020 _a9780822020523
041 _aeng
080 _a37
082 _a37
100 _a46
101 _aEDU
245 _aPre-Professional Skills tests preparation guide
_cBobrow, J
942 _2udc
_cBK
999 _c56152
_d56152